|
|
|
|
| LEADER |
01459nam a2200373Ia 4500 |
| 001 |
EBC515751 |
| 003 |
MiAaPQ |
| 005 |
20200520144314.0 |
| 006 |
m o d | |
| 007 |
cr cn||||||||| |
| 008 |
090820s2010 ilu s 100 0 eng d |
| 010 |
|
|
|z 2009034562
|
| 020 |
|
|
|z 9780226496580 (hardcover : alk. paper)
|
| 020 |
|
|
|z 0226496589 (hardcover : alk. paper)
|
| 035 |
|
|
|a (MiAaPQ)EBC515751
|
| 035 |
|
|
|a (Au-PeEL)EBL515751
|
| 035 |
|
|
|a (CaPaEBR)ebr10381177
|
| 035 |
|
|
|a (CaONFJC)MIL253854
|
| 035 |
|
|
|a (OCoLC)609863567
|
| 040 |
|
|
|a MiAaPQ
|c MiAaPQ
|d MiAaPQ
|
| 050 |
|
4 |
|a HJ257.3
|b .M43 2010
|
| 082 |
0 |
4 |
|a 352.40973
|2 22
|
| 245 |
0 |
0 |
|a Measuring and managing federal financial risk
|h [electronic resource] /
|c edited by Deborah Lucas.
|
| 260 |
|
|
|a Chicago ;
|a London :
|b University of Chicago Press,
|c 2010.
|
| 300 |
|
|
|a ix, 269 p.
|
| 490 |
1 |
|
|a National Bureau of Economic Research conference report
|
| 533 |
|
|
|a Electronic reproduction. Ann Arbor, MI : ProQuest, 2015. Available via World Wide Web. Access may be limited to ProQuest affiliated libraries.
|
| 650 |
|
0 |
|a Financial risk
|z United States
|v Congresses.
|
| 650 |
|
0 |
|a Finance, Public
|z United States
|v Congresses.
|
| 655 |
|
4 |
|a Electronic books.
|
| 700 |
1 |
|
|a Lucas, Deborah.
|
| 710 |
2 |
|
|a ProQuest (Firm)
|
| 830 |
|
0 |
|a National Bureau of Economic Research conference report.
|
| 856 |
4 |
0 |
|u https://ebookcentral.proquest.com/lib/matrademy/detail.action?docID=515751
|z Click to View
|